000 00869cam a22002174a 4500
005 20250605164300.0
008 250528s ||||||||||||||||||||||||d
035 _a22027
020 _a9789609309653
040 _aGR-AtMCL
_bgre
_dGR-AtMCL
_eAACR2
245 1 _aΟΙΚΟΝΟΜΙΚΑ ΤΗΣ ΑΒΕΒΑΙΟΤΗΤΑΣ ΚΑΙ ΤΗΣ ΠΛΗΡΟΦΟΡΗΣΗΣ
250 _a1
260 _bΑυτοεκδοση,
_c2008
300 _a606
505 0 _aΑΠΟΣΤΡΟΦΗ ΚΙΝΔΥΝΟΥ ΑΣΦΑΛΕΙΑ ΣΥΜΠΕΡΙΦΟΡΑ ΕΠΙΧΕΙΡΗΣΗΣ ΣΥΜΠΕΡΟΦΟΡΑ ΕΠΕΝΔΥΤΗ
520 _aΑΠΟΣΤΡΟΦΗ ΚΙΝΔΥΝΟΥ ΑΣΦΑΛΕΙΑ ΣΥΜΠΕΡΙΦΟΡΑ ΕΠΙΧΕΙΡΗΣΗΣ ΣΥΜΠΕΡΟΦΟΡΑ ΕΠΕΝΔΥΤΗ
700 1 _aΠαπαναστασιου Ιωαννης Α
_97903
942 _cBK
999 _c7083
_d7083